000 01433nam a2200337 a 4500
001 ebr10044904
003 CaPaEBR
006 m u
007 cr cn|||||||||
008 010725s2002 enka sb 001 0 eng
010 _z 2001040654
020 _z0333739949 (cloth)
040 _aCaPaEBR
_cCaPaEBR
035 _a(OCoLC)54092971
050 1 4 _aHD620.5.Z63
_bM87 2002eb
082 0 4 _a333.73/13/09416
_221
100 1 _aMurtagh, Brendan.
245 1 4 _aThe politics of territory
_h[electronic resource] :
_bpolicy and segregation in Northern Ireland /
_cBrendan Murtagh.
260 _aHoundmills, Basingstoke, Hampshire ;
_aNew York :
_bPalgrave,
_c2002.
300 _axv, 206 p. :
_bill.
490 1 _aEthnic and intercommunity conflict series
504 _aIncludes bibliographical references (p. 185-195) and index.
533 _aElectronic reproduction.
_bPalo Alto, Calif. :
_cebrary,
_d2013.
_nAvailable via World Wide Web.
_nAccess may be limited to ebrary affiliated libraries.
650 0 _aLand use
_zNorthern Ireland
_xPlanning.
650 0 _aSegregation
_zNorthern Ireland.
651 0 _aNorthern Ireland
_xEthnic relations.
655 7 _aElectronic books.
_2local
710 2 _aebrary, Inc.
830 0 _aEthnic and intercommunity conflict series (Palgrave (Firm))
856 4 0 _uhttp://site.ebrary.com/lib/rucke/Doc?id=10044904
_zAn electronic book accessible through the World Wide Web; click to view
999 _c75341
_d75341